000 00362 a2200121 4500
001 ART_8157
005 20260410161556.0
008 260409a
245 1 0 _aEl balance social y su auditoría
100 1 _aGeba, Norma Beatriz
700 1 _aSebastián, Mónica P.
773 0 _tProfesional & Empresaria
_g- Año XII, Nº 124 (ene. 2010)
_wREV70
999 _c9279
_d9279